000 01441nam a22002657a 4500
008 090531t xxu||||| |||| 00| 0 eng d
020 _a9781405852135 (pack ISBN)
020 _a9781405850698 (Book ISBN)
020 _a9781405850704 (CD- ISBN)
082 0 0 _221
_a428.6
_bSTE
100 1 _aSteinbeck, John
_d1902-1968.
_95713
245 1 0 _aThe pearl /
_cJohn Steinbeck; Retold by Gregory McElwain; Series editor Andy Hopkins and Jocelyn Potter.
246 3 0 _aPre- intermediate
260 _aEngland :
_bPearson Education,
_c2007.
300 _aiv, 75p.:
_bcol. ill.;
_c20 cm. +
_e2 CD-ROM (4 3/4 in.)
440 _aPenguin Active Reading ;
_n3
_95714
650 0 _aEnglish fiction
_95715
700 1 _aMcElwain, Gregory
_95716
700 1 _aHopkins, Andy
_95717
700 1 _aPotter, Jocelyn
_95718
942 _2ddc
_cBB
999 _c11713
_d11713